Netter's head and neck anatomy for dentistry / (Record no. 20046)
[ view plain ]
| 000 -LEADER | |
|---|---|
| fixed length control field | 01538cam a22002895a 4500 |
| 001 - CONTROL NUMBER | |
| control field | 16870570 |
| 005 - DATE AND TIME OF LATEST TRANSACTION | |
| control field | 20151215140353.0 |
| 008 - FIXED-LENGTH DATA ELEMENTS--GENERAL INFORMATION | |
| fixed length control field | 110712t2012 paua frb 001 0 eng d |
| 020 ## - INTERNATIONAL STANDARD BOOK NUMBER | |
| International Standard Book Number | 9781437726633 (pbk. : alk. paper) |
| 040 ## - CATALOGING SOURCE | |
| Original cataloging agency | DNLM/DLC |
| Transcribing agency | DLC |
| Language of cataloging | eng |
| Modifying agency | EG-ScBUE |
| 082 04 - DEWEY DECIMAL CLASSIFICATION NUMBER | |
| Classification number | 611.91 |
| Edition number | 22 |
| Item number | NOR |
| 100 1# - MAIN ENTRY--PERSONAL NAME | |
| Personal name | Norton, Neil Scott. |
| 9 (RLIN) | 38926 |
| 245 10 - TITLE STATEMENT | |
| Title | Netter's head and neck anatomy for dentistry / |
| Statement of responsibility, etc | Neil S. Norton ; illustrations by Frank H. Netter . |
| 246 1# - VARYING FORM OF TITLE | |
| Title proper/short title | Head and neck anatomy for dentistry |
| 250 ## - EDITION STATEMENT | |
| Edition statement | 2nd ed. |
| 260 ## - PUBLICATION, DISTRIBUTION, ETC. (IMPRINT) | |
| Place of publication, distribution, etc | Philadelphia : |
| Name of publisher, distributor, etc | Elsevier / Saunders, |
| Date of publication, distribution, etc | c.2012. |
| 300 ## - PHYSICAL DESCRIPTION | |
| Extent | xii, 659 p. : |
| Other physical details | ill. ; |
| Dimensions | 23 cm. |
| 500 ## - GENERAL NOTE | |
| General note | Index : p. 637-659. |
| 504 ## - BIBLIOGRAPHY, ETC. NOTE | |
| Bibliography, etc | Includes bibliographical references. |
| 505 0# - FORMATTED CONTENTS NOTE | |
| Formatted contents note | Development of the head and neck -- Osteology -- Basic neuroanatomy and cranial nerves -- The neck -- Scalp and muscles of facial expression -- Parotid bed and gland -- Temporal and infratemporal fossae -- Muscles of mastication -- Temporomandibular joint -- Pterygopalatine fossa -- Nose and nasal cavity -- Paranasal sinuses -- Oral cavity -- Tongue -- Pharynx -- Larynx -- Cervical fascia -- Ear -- Eye and orbit -- Autonomics of the head and neck -- Intraoral injections -- Introduction to the upper limb, back, thorax, and abdomen. |
| 650 #0 - SUBJECT ADDED ENTRY--TOPICAL TERM | |
| Topical term or geographic name as entry element | Head |
| General subdivision | Anatomy |
| Form subdivision | Atlases |
| Source of heading or term | BUEsh |
| 650 #0 - SUBJECT ADDED ENTRY--TOPICAL TERM | |
| Topical term or geographic name as entry element | Neck |
| General subdivision | Anatomy |
| Form subdivision | Atlases |
| 650 #0 - SUBJECT ADDED ENTRY--TOPICAL TERM | |
| Topical term or geographic name as entry element | Dentistry |
| Form subdivision | Atlases |
| 653 ## - INDEX TERM--UNCONTROLLED | |
| Resource For college | |
| -- | Pharmacy |
| Arrived date list | June2015 |
| -- | December2015 |
| 700 1# - ADDED ENTRY--PERSONAL NAME | |
| Personal name | Netter, Frank H. |
| Fuller form of name | (Frank Henry), |
| Dates associated with a name | 1906-1991, |
| Relator term | illustrator. |
| 942 ## - ADDED ENTRY ELEMENTS (KOHA) | |
| Source of classification or shelving scheme | Dewey Decimal Classification |
| Withdrawn status | Lost status | Source of classification or shelving scheme | Damaged status | Not for loan | Koha collection | Home library | Current library | Shelving location | Date acquired | Source of acquisition | Cost, normal purchase price | Serial Enumeration / chronology | Total Checkouts | Total Renewals | Full call number | Barcode | Date last seen | Date last borrowed | Cost, replacement price | Koha item type |
|---|---|---|---|---|---|---|---|---|---|---|---|---|---|---|---|---|---|---|---|---|
| Dewey Decimal Classification | Alahram | Central Library | Central Library | First floor | 29/06/2015 | Purchase | 800.00 | 307 | 7 | 32 | 611.91 NOR | 000039218 | 15/07/2025 | 20/08/2019 | 1000.00 | Book - Borrowing |